Asamiya Ramayanar chaneki (Record no. 3367)
[ view plain ]
| 000 -LEADER | |
|---|---|
| fixed length control field | 00494cam a2200193ua 4500 |
| 008 - FIXED-LENGTH DATA ELEMENTS--GENERAL INFORMATION | |
| fixed length control field | 111224n ii |||gr||||Z||||||asm |
| 020 ## - INTERNATIONAL STANDARD BOOK NUMBER | |
| International Standard Book Number | 81-7339-013-4 |
| 040 ## - CATALOGING SOURCE | |
| Transcribing agency | MAIN |
| 082 ## - DEWEY DECIMAL CLASSIFICATION NUMBER | |
| Classification number | 294.5922 |
| 100 ## - MAIN ENTRY--PERSONAL NAME | |
| Personal name | Hazarika, Karabi Deka, |
| Relator term | |
| 245 11 - TITLE STATEMENT | |
| Title | Asamiya Ramayanar chaneki |
| Statement of responsibility, etc. | ed. by Karabi Deka Hazarika |
| 250 ## - EDITION STATEMENT | |
| Edition statement | 2nd. |
| 260 ## - PUBLICATION, DISTRIBUTION, ETC. | |
| Place of publication, distribution, etc. | Dibrugarh: |
| Name of publisher, distributor, etc. | Banalata,996. |
| 300 ## - PHYSICAL DESCRIPTION | |
| Extent | 103p: |
| Dimensions | 23cm. |
| 942 ## - ADDED ENTRY ELEMENTS (KOHA) | |
| Koha item type | Books |
| 653 ## - INDEX TERM--UNCONTROLLED | |
| Uncontrolled term | Ramayan |
| 653 ## - INDEX TERM--UNCONTROLLED | |
| Uncontrolled term | Asamiya Ramayanar chaneki |
| Withdrawn status | Lost status | Damaged status | Not for loan | Home library | Current library | Shelving location | Date acquired | Total Checkouts | Full call number | Barcode | Date last seen | Copy number | Price effective from | Koha item type |
|---|---|---|---|---|---|---|---|---|---|---|---|---|---|---|
| Central Library, Naharkatiya College | Central Library, Naharkatiya College | General Stacks | 19/09/2020 | 294.5922 | ASA | 9637 | 19/09/2020 | 4 | 19/09/2020 | Books | |||||
| Central Library, Naharkatiya College | Central Library, Naharkatiya College | General Stacks | 19/09/2020 | 294.5922 | ASA | 9638 | 19/09/2020 | 8 | 19/09/2020 | Books | |||||
| Central Library, Naharkatiya College | Central Library, Naharkatiya College | General Stacks | 19/09/2020 | 294.5922 | ASA | 9639 | 19/09/2020 | 7 | 19/09/2020 | Books | |||||
| Central Library, Naharkatiya College | Central Library, Naharkatiya College | General Stacks | 19/09/2020 | 294.5922 | ASA | 9640 | 19/09/2020 | 5 | 19/09/2020 | Books | |||||
| Central Library, Naharkatiya College | Central Library, Naharkatiya College | General Stacks | 19/09/2020 | 294.5922 | ASA | 9641 | 19/09/2020 | 6 | 19/09/2020 | Books | |||||
| Central Library, Naharkatiya College | Central Library, Naharkatiya College | General Stacks | 19/09/2020 | 294.5922 | ASA | 9823 | 19/09/2020 | 1 | 19/09/2020 | Books | |||||
| Central Library, Naharkatiya College | Central Library, Naharkatiya College | General Stacks | 19/09/2020 | 294.5922 | ASA | 9824 | 19/09/2020 | 2 | 19/09/2020 | Books | |||||
| Central Library, Naharkatiya College | Central Library, Naharkatiya College | General Stacks | 19/09/2020 | 294.5922 | ASA | 9825 | 19/09/2020 | 3 | 19/09/2020 | Books |
